Introduction to digital systems /

Uloženo v:
Podrobná bibliografie
Hlavní autor: Ercegovac, Milos D.
Médium: Kniha
Jazyk:English
Vydáno: NewYork : John Wiley and Sons, 1999.
Témata:
Tagy: Přidat tag
Žádné tagy, Buďte první, kdo otaguje tento záznam!
Thư viện lưu trữ: Mạng thư viện Đại học Đà Nẵng
LEADER 00912cam a2200349 i 4500
001 000045063
003 4181
005 20030311154317.0
008 010220|1999 vm 000 eng
020 |a 0471527998 
040 |a IRC  |c IRC  |d IRC 
041 0 |a eng 
082 1 4 |a 004  |b ER-M 
100 1 |a Ercegovac, Milos D. 
245 0 0 |a Introduction to digital systems /  |c Milos D. Ercegovac. 
260 |a NewYork :  |b John Wiley and Sons,  |c 1999. 
300 |a xiv, 498 p. :  |b ill. 
630 0 4 |a Computers. 
630 0 4 |a Digital systems. 
630 0 4 |a Electronic digital computers. 
650 0 4 |a Electronic digital computers. 
650 0 4 |a Digital integrated circuits. 
OWN |a DUT 
999 |a From the UDN01 
TYP |a Monograph 
TYP |a Printed language 
980 |a Mạng thư viện Đại học Đà Nẵng